000 00356nam a2200157Ia 4500
100 _aChirgwin/B.H.
650 _aElectrical Engineering
942 _cBK
654 _aElemantary Electro-Magnetic Theory
245 _aElemantary Electro-Magnetic Theory
260 _bnone
082 _a530.1
_bChi
300 _a440
546 _aENGLISH
999 _c24682
_d24682